| 000 | 00781nam a2200241Ia 4500 | ||
|---|---|---|---|
| 005 | 20260401113540.0 | ||
| 008 | 210303s9999 xx 000 0 und d | ||
| 016 | _2reto2022b | ||
| 040 |
_aNLN _bEnglish _eAACR2 |
||
| 050 |
_aQH91.A3 _bB216 |
||
| 082 | _a574.92 | ||
| 100 |
_aBANGOR, Wales _d1969 _eaut _945719 |
||
| 245 | 0 |
_aFourth European marine biology symposium / _cWales Bangor and edited by D. J. Crisp |
|
| 260 |
_aCambridge Eng. : _bUniversity Press, _c1971 |
||
| 300 |
_aix, 599p. : _bill. ; 24cm. |
||
| 500 | _aIncludes bibliographical references | ||
| 563 | _a(pbk) | ||
| 650 |
_aMarine biology _vCongresses _945721 |
||
| 650 |
_aLarvae _vCongresses _945720 |
||
| 650 |
_aUnderwater light _vCongresses _945722 |
||
| 700 |
_aCrisp, D. J. _eedt _962161 |
||
| 942 |
_cBK _n0 |
||
| 999 |
_c24675 _d24675 |
||